[Event "LSS SF-2009-0-00034"]
[Site "LSS email"]
[Date "2009.08.30"]
[Round "?"]
[White "Eilering, David L"]
[Black "Nayegandhi, Jay"]
[Result "1/2-1/2"]
[WhiteElo "1247"]
[BlackElo "1146"]
[PlyCount "104"]
[EventDate "2009.05.27"]
[EventType "tourn (corr)"]
[EventRounds "6"]
[EventCountry "GER"]
[SourceTitle "Corr 2013"]
[Source "ChessBase"]
[SourceDate "2012.11.12"]
[SourceVersion "1"]
[SourceVersionDate "2012.11.12"]
[SourceQuality "1"]
[WhiteTeam "US of America"]
[BlackTeam "US of America"]
[WhiteTeamCountry "USA"]
[BlackTeamCountry "USA"]

1. c4 Nf6 2. Nc3 e6 3. g3 d5 4. Nf3 c6 5. d4 dxc4 6. Bg2 b5 7. Ne5 Nd5 8. a4 f6 9. Nf3 b4 10. Ne4 Be7 11. 0-0 0-0 12. Qc2 Ba6 13. Bh3 f5 14. Neg5 b3 15. Qd1 Rf6 16. e4 Nb4 17. exf5 exf5 18. Re1 Nc2 19. Nxh7 Kxh7 20. Ng5+ Kg6 21. Ne6 Qh8 22. Bxf5+ Kxf5 23. Nxg7+ Kg6 24. Rxe7 Qh3 25. Qd2 Qf1+ 26. Kxf1 c3+ 27. Qe2 Bxe2+ 28. Kxe2 Nxa1 29. Ne8 Na6 30. Rg7+ Kf5 31. Rg5+ Ke6 32. Re5+ Kf7 33. Nxf6 Kxf6 34. bxc3 c5 35. Bb2 Nc2 36. g4 Rh8 37. g5+ Kf7 38. Rf5+ Ke7 39. dxc5 Rxh2 40. c6 Nc7 41. c4 Ne6 42. Kd2 Rg2 43. Kc3 Ncd4 44. c7 Kd7 45. Rd5+ Kxc7 46. Rxd4 Nxd4 47. Kxd4 Rxf2 48. Kc3 Rg2 49. Kxb3 Rxg5 50. Bf6 Rf5 51. Bd4 a5 52. Bc3 Kc6 1/2-1/2